Christmas - Statistics

General Stats
  • This quiz has been taken 28 times
  • The average score is 20 of 28
Answer Stats
Hint Answer % Correct
The man who hides presents under your Christmas tree or in your stocking. Santa Claus
100%
The animal that⬆rides to get across the world. Reindeer
96%
Large bird that you might eat on Christmas day. Turkey
96%
A drink consisting of rum, brandy, or other alcohol mixed with beaten egg, milk, and sugar. Eggnog
88%
Santa's little helpers that make presents. Elf
88%
What 1 rides in. Sleigh
88%
A large sock like object that Santa might put presents in. Stocking
88%
Where Santa lives North Pole
85%
Atmospheric water vapour frozen into ice crystals and falling in light white flakes or lying on the ground as a white layer. Snow
85%
Red sauce you might spread on 5. Cranberry Sauce
81%
Human shaped cookie that tastes of ginger. Gingerbread Man
81%
A hot drink consisting of chocolate powder and milk. Hot chocolate
77%
A leathery-leaved parasitic plant which grows on apple, oak, and other broad leaf trees and bears white glutinous berries in winter. It is tradition that you kiss when you are underneath it. Mistletoe
77%
An arrangement of flowers, leaves, or stems fastened in a ring and used for decoration on a door. Wreath
77%
A widely distributed evergreen shrub, typically having prickly dark green leaves, small white flowers, and red berries. Holly
73%
A form of decoration consisting of thin strips of shiny metal foil attached to a long piece of thread Tinsel
73%
A cylinder or block of wax or tallow with a central wick which is lit to produce light as it burns. Candle
69%
Small white or differently coloured electric lights spaced evenly along a cable and used for decoration, especially at Christmas. Christmas Lights
69%
Made to resemble a toy soldier and in German tradition they bring good luck, frightening away malevolent spirits and also serve as protectors of a house. Nutcracker
65%
Round decorations you might put on your Christmas tree. Bauble
62%
A cylindrical stick of striped sweet rock with a curved end, resembling a walking stick. Candy cane
62%
Pie full of mice meat. Mince Pie
62%
Some thing you give to someone or Santa would give to you. presents
62%
Man made of⬆. Snowman
58%
A hot alcoholic drink made of wine mixed with sugar and spices, traditionally drunk at winter festivals such as Christmas. Mulled wine
54%
A bird typically having a brown back with red on the breast or other colourful markings. Robin
54%
From the 1st of December to the 24th-25th you might open one of these. Advent Calender.
27%
A type of party favour originating in England, but now widely used throughout the modern world to celebrate Christmas and other special occasions and festive events. They consist of a wrapped and decorated cardboard cylinder and very much resemble a large candy twist. Christmas Crakers
8%
No matching quizzes found
Score Distribution
Percent of People with Each Score
Percentile by Number Answered
Your Score History
You have not taken this quiz